| 000 | 00477nam a22001697a 4500 | ||
|---|---|---|---|
| 005 | 20260311181251.0 | ||
| 008 | 260311b |||||||| |||| 00| 0 eng d | ||
| 020 | _a978-93-7169-846-7 | ||
| 041 | _aeng | ||
| 082 | _a305.800 954 ROY-B | ||
| 100 |
_aROY, SARAT CHANDRA _98905 |
||
| 245 | _aTHE BIRHORS : A Little Known Jungle Tribe of Chota Nagpur | ||
| 260 |
_aNEW DELHI _bGYAN PUBLISHING HOUSE |
||
| 300 | _a608;P | ||
| 650 |
_aBHARTIYA GYAN PARAMPARA _98906 |
||
| 942 | _cBK | ||
| 999 |
_c9098 _d9096 |
||